Kniha o těhotenství, porodu a dítěti

Saved in:
Bibliographic Details
Main Authors Pařízek, Antonín, 1959- (Author), Honzík, Tomáš (Author), Krejčová, Hana (Author), Dokoupilová, Milena (Author)
Format Book
LanguageCzech
Published Praha : Galén, [2026]
Edition6. vydání
Subjects
ISBN978-80-908327-1-8
Physical Description667 stran : ilustrace (převážně barevné), portréty ; 22 cm

Cover

LEADER 00000aam a2200000 i 4500
001 115863
003 CZ-ZlUTB
005 20260629092041.0
007 ta
008 260423t20262026xr ac e f 001 0 cze d
020 |a 978-80-908327-1-8  |q (brožováno) :  |c Kč 699.00 
040 |a KLG001  |b cze  |d ZLD002  |e rda 
041 0 |a cze  |b eng 
072 7 |a 618  |x Gynekologie. Porodnictví  |2 Konspekt  |9 14 
080 |a 618.2/.3  |2 MRF 
080 |a 618.4/.5  |2 MRF 
080 |a 618.6/.7  |2 MRF 
080 |a 649-053.3  |2 MRF 
080 |a 316.346.32-053.3  |2 MRF 
080 |a 316.346.32-053.4  |2 MRF 
080 |a (035)  |2 MRF 
100 1 |a Pařízek, Antonín,  |d 1959-  |7 mzk2005294935  |4 aut 
245 1 0 |a Kniha o těhotenství, porodu a dítěti /  |c Antonín Pařízek, Tomáš Honzík, Hana Krejčová, Milena Dokoupilová 
250 |a 6. vydání 
264 1 |a Praha :  |b Galén,  |c [2026] 
264 4 |c ©2026 
300 |a 667 stran :  |b ilustrace (převážně barevné), portréty ;  |c 22 cm 
336 |a text  |b txt  |2 rdacontent 
337 |a bez média  |b n  |2 rdamedia 
338 |a svazek  |b nc  |2 rdacarrier 
500 |a Terminologický slovník 
504 |a Obsahuje bibliografii a rejstřík 
546 |a Anglické resumé 
650 0 7 |a těhotenství  |7 ph126830  |2 czenas 
650 0 7 |a porod  |7 ph124364  |2 czenas 
650 0 7 |a šestinedělí  |7 ph127799  |2 czenas 
650 0 7 |a raná péče o dítě  |7 ph135011  |2 czenas 
650 0 7 |a kojenci  |7 ph114943  |2 czenas 
650 0 7 |a batolata  |7 ph114130  |2 czenas 
650 0 9 |a pregnancy  |2 eczenas 
650 0 9 |a childbirth  |2 eczenas 
650 0 9 |a puerperium  |2 eczenas 
650 0 9 |a early child care  |2 eczenas 
650 0 9 |a infants  |2 eczenas 
650 0 9 |a toddlers  |2 eczenas 
655 7 |a příručky  |7 fd133209  |2 czenas 
655 9 |a handbooks and manuals  |2 eczenas 
700 1 |a Honzík, Tomáš  |7 xx0075651  |4 aut 
700 1 |a Krejčová, Hana  |7 xx0227560  |4 aut 
700 1 |a Dokoupilová, Milena  |7 jx20070511013  |4 aut 
710 2 |a Galén (nakladatelství)  |7 xx0192778  |4 pbl 
910 |a ZLD002 
942 |2 udc 
952 |0 0  |1 0  |4 0  |5 0  |6 616PAŘÍZEKA  |7 -1  |8 BOOK  |9 191724  |a UTBZL  |b UTBZL  |c 005  |d 2026-06-29  |l 0  |o 616/PAŘÍZEK,A.  |p 420010202192  |r 2026-06-29 09:45:05  |v 699.00  |w 2026-06-29  |x N:nákup  |y 01 
992 |a BK  |b SKNEW 
999 |c 115863  |d 115863